000 00590nam a2200241Ia 4500
003 0100
008 130303s9999 xx 000 0 und d
020 _a0151003696
040 _cARRUPELIB
050 _aBF311.D33 1999
100 _aDamasio, Antonio R.
245 4 _aThe feeling of what happens
245 _bbody and emotion in the making of consciousness
260 _aNew York
260 _bHarcourt Brace
260 _C1999
300 _axii
300 _b 386p. 22cm.
650 _bMythology
650 _cReligion, Primitive
650 _dMagic
942 _2lcc
_02
999 _c60728
_d60728